000 00455nam a2200157 4500
001 116834
003 ES-MaACL
005 20230906190757.0
007 t|
008 061121s1970 sp r ||||1| spa d
100 1 _aPascual Ferrández, Antonio.
_989381
245 1 0 _aDeshumanización caótica /
_cAntonio Pascual Ferrández.
260 _aBarcelona :
_bEdit. Peñíscola,
_c1970.
300 _a198 p. ;
_c17 cm.
852 _aES-MaACL
_jC-44909
_bR.77583
999 _c116834
_d116834